| 000 | 00428nam a2200169Ia 4500 | ||
|---|---|---|---|
| 008 | 121211t1965 xxu||||| |||| 00| 0 sin d | ||
| 041 | _asin | ||
| 080 |
_a8S-31 _bIND |
||
| 100 | _aIndurugolla, G.A. | ||
| 245 | _aඅසරණයෝ | ||
| 246 | _aAsaranayo | ||
| 260 |
_bSri Lanka Prakashaka Samagama _aColombo _c1965 |
||
| 300 | _aii,234p., 18 cm | ||
| 942 | _cBK | ||
| 999 |
_c69697 _d69697 |
||
| 003 | LK-CoDNM | ||
| 040 |
_aLK-CoDNM _dLK-CoDNM _eLK-CoDNM |
||